[Event "ENCI Limburg-open B"]
[Site "Maastricht"]
[Date "2011.06.11"]
[Round "3"]
[White "Sluiter, Jan"]
[Black "Gerritsen, Diederik"]
[Result "1-0"]
[WhiteElo "1859"]
[BlackElo "1840"]
[PlyCount "29"]
[EventDate "2011.06.10"]
[EventType "swiss"]
[EventRounds "7"]
[EventCountry "NED"]
[Source "P.Boonen"]
[SourceDate "2012.01.01"]

1. e4 c5 2. Nc3 e6 3. g3 Nc6 4. Bg2 g6 5. d3 Bg7 6. f4 Nge7 7. Nf3 O-O 8. Be3
Nd4 9. O-O d6 10. Qd2 Nec6 11. Nd1 Nxf3+ 12. Rxf3 e5 13. f5 Bd7 14. Bh6 Qf6 15.
Bg5 1-0

[Event "ENCI Limburg-open B"]
[Site "Maastricht"]
[Date "2011.06.11"]
[Round "3"]
[White "Sofic, Narcis"]
[Black "Geboers, Jimmy"]
[Result "0-1"]
[WhiteElo "1906"]
[BlackElo "1927"]
[PlyCount "68"]
[EventDate "2011.06.10"]
[EventType "swiss"]
[EventRounds "7"]
[EventCountry "NED"]
[Source "P.Boonen"]
[SourceDate "2012.01.01"]

1. Nf3 d5 2. g3 Nf6 3. Bg2 g6 4. O-O Bg7 5. d4 O-O 6. c3 c6 7. Nbd2 Nbd7 8. Re1
Re8 9. e4 dxe4 10. Nxe4 Nxe4 11. Rxe4 e5 12. Bg5 f6 13. Qb3+ Kh8 14. Nxe5 Nxe5
15. Bxf6 Bxf6 16. dxe5 Rxe5 17. Rd1 Qc7 18. Rf4 Be6 19. c4 Rf5 20. Re4 Re5 21.
Qf3 Bg7 22. Rde1 Bxc4 23. Rxe5 Bxe5 24. Qe4 Bxa2 25. Qxe5+ Qxe5 26. Rxe5 Rd8
27. Bf3 Rd3 28. Kg2 Rb3 29. Re2 Kg7 30. Bg4 Rb4 31. Bc8 Bd5+ 32. Kh3 Bc4 33.
Re7+ Kf6 34. Rxb7 Bf1# 0-1

[Event "ENCI Limburg-open B"]
[Site "Maastricht"]
[Date "2011.06.11"]
[Round "3"]
[White "Staudte, Rainer"]
[Black "Gunther, Marcella"]
[Result "1/2-1/2"]
[WhiteElo "1955"]
[BlackElo "1904"]
[PlyCount "91"]
[EventDate "2011.06.10"]
[EventType "swiss"]
[EventRounds "7"]
[EventCountry "NED"]
[Source "P.Boonen"]
[SourceDate "2012.01.01"]

1. d4 d5 2. c4 c6 3. Nf3 Nf6 4. Nc3 e6 5. Bg5 h6 6. Bh4 dxc4 7. a4 Bb4 8. e3 g5
9. Bg3 Nd5 10. Rc1 b5 11. Nd2 a6 12. Be2 Qa5 13. Qc2 Nd7 14. O-O N7b6 15. axb5
axb5 16. Nde4 Nxc3 17. bxc3 Be7 18. Nd6+ Bxd6 19. Bxd6 Nd5 20. Bf3 Qd8 21. Bc5
Bb7 22. Ra1 Ne7 23. Rxa8 Bxa8 24. Ra1 O-O 25. Ra7 Re8 26. Bh5 Kg7 27. e4 e5 28.
g3 Ng6 29. Bxg6 Kxg6 30. d5 cxd5 31. exd5+ e4 32. d6 Bc6 33. Qe2 Qf6 34. Qe3
Qf3 35. Rc7 Qd1+ 36. Kg2 Qf3+ 37. Qxf3 exf3+ 38. Kf1 Be4 39. Re7 Rxe7 40. dxe7
Bc6 41. Ke1 Kf5 42. h3 h5 43. Kd2 Ke4 44. h4 f6 45. Be3 Kf5 46. Bd4 1/2-1/2

[Event "ENCI Limburg-open B"]
[Site "Maastricht"]
[Date "2011.06.11"]
[Round "3"]
[White "Timmermans, Stefan"]
[Black "Cornelius, Jorg"]
[Result "0-1"]
[WhiteElo "1845"]
[BlackElo "2031"]
[PlyCount "80"]
[EventDate "2011.06.10"]
[EventType "swiss"]
[EventRounds "7"]
[EventCountry "NED"]
[Source "P.Boonen"]
[SourceDate "2012.01.01"]

1. d4 Nf6 2. c4 c5 3. d5 b5 4. cxb5 a6 5. b6 Qxb6 6. Nc3 g6 7. e4 d6 8. Be2 Bg7
9. Nf3 a5 10. O-O O-O 11. Nd2 Ba6 12. Nc4 Qc7 13. Na3 Qb7 14. f4 Nbd7 15. Re1
Rfb8 16. Bxa6 Qxa6 17. e5 Ne8 18. e6 fxe6 19. Qg4 Nf8 20. dxe6 Qd3 21. Qe2 Qxe2
22. Rxe2 Nc7 23. g4 Ncxe6 24. Nd5 Ra7 25. Nc4 Rbb7 26. Be3 Nd4 27. Bxd4 Bxd4+
28. Kf1 e6 29. Nxd6 exd5 30. Nxb7 Rxb7 31. Rb1 Rf7 32. f5 gxf5 33. g5 Rb7 34.
Rd1 Kf7 35. h4 Re7 36. Rde1 Rxe2 37. Rxe2 Ne6 38. b3 f4 39. Kg2 Be3 40. Kh3 d4
0-1

[Event "ENCI Limburg-open B"]
[Site "Maastricht"]
[Date "2011.06.11"]
[Round "3"]
[White "Tuerlinckx, Ben"]
[Black "Van Foreest, Lucas"]
[Result "0-1"]
[WhiteElo "1942"]
[BlackElo "1874"]
[PlyCount "54"]
[EventDate "2011.06.10"]
[EventType "swiss"]
[EventRounds "7"]
[EventCountry "NED"]
[Source "P.Boonen"]
[SourceDate "2012.01.01"]

1. e4 e5 2. Nf3 Nc6 3. d4 exd4 4. Bc4 Nf6 5. e5 d5 6. Bb5 Nd7 7. O-O Be7 8.
Bxc6 bxc6 9. Nxd4 Bb7 10. e6 Nf6 11. exf7+ Kxf7 12. Qe2 Qd7 13. Nf3 Bd6 14.
Ng5+ Kf8 15. Nc3 Re8 16. Qd3 h6 17. Nf3 Kf7 18. Nh4 Qg4 19. g3 Rhf8 20. f3 Qh5
21. Nf5 Kg8 22. Nxd6 cxd6 23. Bf4 Re6 24. Rae1 Rfe8 25. Rxe6 Rxe6 26. Ne2 c5
27. Bd2 c4 0-1

[Event "ENCI Limburg-open B"]
[Site "Maastricht"]
[Date "2011.06.11"]
[Round "3"]
[White "Van der Scheur, Dirk"]
[Black "Mollema, Thomas"]
[Result "1/2-1/2"]
[WhiteElo "1895"]
[BlackElo "1884"]
[PlyCount "98"]
[EventDate "2011.06.10"]
[EventType "swiss"]
[EventRounds "7"]
[EventCountry "NED"]
[Source "P.Boonen"]
[SourceDate "2012.01.01"]

1. d4 f5 2. Nc3 g6 3. h4 Bg7 4. h5 Nh6 5. e4 d6 6. Bd3 Nc6 7. Nf3 Nf7 8. Be3 e5
9. hxg6 hxg6 10. Rxh8+ Bxh8 11. dxe5 dxe5 12. Bb5 Bd7 13. Qd2 f4 14. Bc5 a6 15.
Bc4 Bg4 16. O-O-O Qxd2+ 17. Rxd2 Bxf3 18. gxf3 Ng5 19. Be2 Ne6 20. Ba3 b5 21.
Nd5 Ncd4 22. Bd1 c6 23. c3 cxd5 24. exd5 Rd8 25. dxe6 Nxe6 26. Rxd8+ Kxd8 27.
Bc2 g5 28. Be4 Kc8 29. Bf5 Kd7 30. Kd2 Bf6 31. Kd3 Be7 32. Bxe7 Kxe7 33. Bxe6
Kxe6 34. Ke4 Kf6 35. b3 Ke6 36. c4 bxc4 37. bxc4 Kd6 38. Kf5 a5 39. Kxg5 a4 40.
Kf5 a3 41. Ke4 Kc5 42. Kxe5 Kxc4 43. Kxf4 Kc3 44. Kg5 Kb2 45. f4 Kxa2 46. f5
Kb3 47. f6 a2 48. f7 a1=Q 49. f8=Q Qg1+ 1/2-1/2

[Event "ENCI Limburg-open B"]
[Site "Maastricht"]
[Date "2011.06.11"]
[Round "3"]
[White "Vandecan, Michel"]
[Black "Scheeren, Fred"]
[Result "0-1"]
[WhiteElo "1865"]
[BlackElo "1703"]
[PlyCount "96"]
[EventDate "2011.06.10"]
[EventType "swiss"]
[EventRounds "7"]
[EventCountry "NED"]
[Source "P.Boonen"]
[SourceDate "2012.01.01"]

1. Nf3 d5 2. c4 d4 3. b4 b6 4. g3 Bb7 5. Bg2 e5 6. Qa4+ Bc6 7. b5 Bb7 8. d3 Nf6
9. O-O Nbd7 10. Qc2 Bc5 11. Nbd2 O-O 12. Nb3 Re8 13. Nxc5 Nxc5 14. Rd1 Qe7 15.
a4 a5 16. Ba3 Rad8 17. Nd2 Bxg2 18. Kxg2 Nfd7 19. Ne4 f5 20. Nxc5 Nxc5 21. e3
e4 22. Bxc5 Qxc5 23. exd4 Rxd4 24. dxe4 Rexe4 25. Rxd4 Rxd4 26. Rc1 f4 27. Qe2
h6 28. Qe8+ Kh7 29. Qe2 Qf5 30. f3 fxg3 31. hxg3 Qd7 32. Rc2 c5 33. g4 Qd6 34.
Qe3 Qg6 35. Rc1 Kg8 36. Kf2 Qd6 37. Ke1 Qg3+ 38. Qf2 Qf4 39. Rc3 Rxc4 40. Rxc4
Qxc4 41. Qd2 Qb4 42. Ke2 Qxd2+ 43. Kxd2 Kf7 44. Kd3 Ke6 45. f4 Kd5 46. Kc3 Ke4
47. f5 Kf4 48. Kc4 Kxg4 0-1

[Event "ENCI Limburg-open B"]
[Site "Maastricht"]
[Date "2011.06.11"]
[Round "3"]
[White "Visser, Sebastiaan"]
[Black "Zilverberg, Jasper"]
[Result "0-1"]
[WhiteElo "1904"]
[BlackElo "2028"]
[PlyCount "88"]
[EventDate "2011.06.10"]
[EventType "swiss"]
[EventRounds "7"]
[EventCountry "NED"]
[Source "P.Boonen"]
[SourceDate "2012.01.01"]

1. d4 Nf6 2. Bg5 g6 3. Nf3 Bg7 4. Nbd2 d5 5. e3 c5 6. dxc5 O-O 7. c3 a5 8. Bb5
Qc7 9. O-O Qxc5 10. Ba4 Nc6 11. Nb3 Qd6 12. Nbd4 Rd8 13. Bf4 Qc5 14. Nxc6 bxc6
15. Qd4 Qxd4 16. cxd4 Bb7 17. Rac1 Rdc8 18. Rc3 Ne4 19. Rc2 c5 20. dxc5 Nxc5
21. Bb5 Ne6 22. Rxc8+ Rxc8 23. Be5 Ng5 24. Bxg7 Nxf3+ 25. gxf3 Kxg7 26. Ba4 d4
27. exd4 Bxf3 28. Bb3 Rd8 29. d5 Kf6 30. Re1 Rd6 31. Re3 Bxd5 32. Bxd5 Rxd5 33.
Re4 e5 34. b4 Rd2 35. bxa5 Rxa2 36. Kg2 Rxa5 37. Rb4 Ra7 38. Kg3 Kg7 39. h3 f5
40. h4 Re7 41. Ra4 h6 42. h5 Re6 43. Ra7+ Kf6 44. hxg6 Kxg6 0-1

[Event "ENCI Limburg-open B"]
[Site "Maastricht"]
[Date "2011.06.11"]
[Round "3"]
[White "Willen, Ronny"]
[Black "Huebben, Dominik"]
[Result "1/2-1/2"]
[WhiteElo "1851"]
[BlackElo "1747"]
[PlyCount "143"]
[EventDate "2011.06.10"]
[EventType "swiss"]
[EventRounds "7"]
[EventCountry "NED"]
[Source "P.Boonen"]
[SourceDate "2012.01.01"]

1. d4 d5 2. c4 e6 3. Nc3 Nf6 4. cxd5 exd5 5. Bg5 Nbd7 6. Qc2 Be7 7. Nf3 c6 8.
e3 O-O 9. Bd3 h6 10. Bh4 Nb6 11. O-O a5 12. Rfc1 Be6 13. Qe2 Bg4 14. h3 Bxf3
15. Qxf3 Re8 16. Bg3 Nc4 17. Qe2 Nd6 18. Be5 Nde4 19. f3 Nd6 20. e4 dxe4 21.
fxe4 Nd7 22. Bg3 f6 23. Rf1 Nf7 24. Qf2 Bd6 25. Bxd6 Nxd6 26. Rae1 Qc7 27. Re3
c5 28. Rg3 Kh8 29. Nd5 Qc6 30. Nf4 cxd4 31. Ng6+ Kg8 32. Qxd4 Qc5 33. Qxc5 Nxc5
34. Bc2 Ndxe4 35. Re3 Kf7 36. Nf4 g5 37. Nd5 Re5 38. Nc3 Rae8 39. Nxe4 Nxe4 40.
Rfe1 Nc5 41. Rxe5 Rxe5 42. Rc1 Ke6 43. a3 a4 44. Kf1 b6 45. Rd1 Ke7 46. Rd4 b5
47. Bd3 Ne6 48. Rb4 Nc7 49. b3 axb3 50. Rxb3 Kd6 51. Rc3 Rc5 52. Rb3 Kd5 53.
Rb4 Rc3 54. Bxb5 Rxa3 55. Bd7 Kd6 56. Bg4 Nd5 57. Re4 f5 58. Bxf5 Ne3+ 59. Kf2
Nxf5 60. Rb4 Ra6 61. g4 Ne7 62. Kg3 Nd5 63. Rb3 Ke5 64. h4 Ra7 65. hxg5 hxg5
66. Kg2 Ra4 67. Rg3 Kf4 68. Rd3 Nf6 69. Rf3+ Kxg4 70. Rxf6 Ra2+ 71. Kg1 Kg3 72.
Rf1 1/2-1/2

[Event "ENCI Limburg-open B"]
[Site "Maastricht"]
[Date "2011.06.11"]
[Round "3"]
[White "Yue, Tim"]
[Black "Lecomte, Robin"]
[Result "1-0"]
[WhiteElo "1767"]
[BlackElo "1791"]
[PlyCount "107"]
[EventDate "2011.06.10"]
[EventType "swiss"]
[EventRounds "7"]
[EventCountry "NED"]
[Source "P.Boonen"]
[SourceDate "2012.01.01"]

1. e4 c5 2. Nf3 Nc6 3. d4 cxd4 4. Nxd4 g6 5. Nc3 Bg7 6. Be3 Nf6 7. f3 O-O 8.
Qd2 d5 9. O-O-O dxe4 10. fxe4 Ng4 11. Nce2 Qb6 12. c3 Nxe3 13. Qxe3 e5 14. Nc2
Qxe3+ 15. Nxe3 Bh6 16. Rd3 b6 17. Kb1 Ba6 18. c4 Bxe3 19. Rxe3 Bxc4 20. Nc3
Bxf1 21. Rxf1 Nd4 22. Nd5 Rad8 23. Nf6+ Kg7 24. g4 Ne6 25. Ra3 a5 26. Rb3 Rd6
27. Nd5 Rb8 28. h4 Nc5 29. Rbf3 Rb7 30. Nf6 Rxf6 31. Rxf6 Nxe4 32. g5 Nd2+ 33.
Kc2 Nxf1 34. Rxf1 Re7 35. Rf6 Re6 36. Rxe6 fxe6 37. Kd3 Kf7 38. Ke4 Ke7 39.
Kxe5 Kd7 40. Kf6 Kd6 41. Kg7 e5 42. Kxh7 e4 43. h5 gxh5 44. g6 e3 45. g7 e2 46.
g8=Q e1=Q 47. Qg6+ Qe6 48. Qxh5 Qxa2 49. Qh2+ Kc5 50. b4+ Kxb4 51. Qxa2 b5 52.
Kg6 a4 53. Qb2+ Kc4 54. Qa3 1-0

[Event "ENCI Limburg-open B"]
[Site "Maastricht"]
[Date "2011.06.12"]
[Round "4"]
[White "Aben, Paul"]
[Black "Koelmans, Jan Willem"]
[Result "1/2-1/2"]
[WhiteElo "1949"]
[BlackElo "2023"]
[PlyCount "67"]
[EventDate "2011.06.10"]
[EventType "swiss"]
[EventRounds "7"]
[EventCountry "NED"]
[Source "P.Boonen"]
[SourceDate "2012.01.01"]

1. c4 e5 2. g3 Nf6 3. Bg2 Nc6 4. Nc3 Bb4 5. Nd5 Be7 6. e3 O-O 7. Ne2 d6 8. O-O
Re8 9. Nec3 Bf5 10. d3 Bg6 11. b4 Nxd5 12. Nxd5 a6 13. Bb2 Bf8 14. a4 e4 15. d4
Ne7 16. Nf4 d5 17. Qb3 c6 18. Rfc1 Bf5 19. h4 Qd7 20. cxd5 Nxd5 21. Nxd5 cxd5
22. b5 axb5 23. axb5 Be6 24. b6 Rxa1 25. Rxa1 Rc8 26. Ba3 Bxa3 27. Qxa3 h6 28.
Rc1 Rxc1+ 29. Qxc1 Kf8 30. Bf1 Ke7 31. Qc5+ Kf6 32. Bb5 Qd8 33. Kg2 g5 34.
hxg5+ 1/2-1/2

[Event "ENCI Limburg-open B"]
[Site "Maastricht"]
[Date "2011.06.12"]
[Round "4"]
[White "Alvarez Carbajales, Fermin"]
[Black "Maassen van den Brink, Koen"]
[Result "0-1"]
[WhiteElo "1918"]
[BlackElo "1982"]
[PlyCount "86"]
[EventDate "2011.06.10"]
[EventType "swiss"]
[EventRounds "7"]
[EventCountry "NED"]
[Source "P.Boonen"]
[SourceDate "2012.01.01"]

1. e4 e5 2. Nf3 Nc6 3. Bb5 a6 4. Ba4 Nf6 5. O-O b5 6. Bb3 Bc5 7. Nxe5 Nxe5 8.
d4 Bxd4 9. Qxd4 d6 10. c3 c5 11. Qd1 c4 12. Bc2 Bb7 13. Bg5 h6 14. Bh4 g5 15.
Bg3 g4 16. Qd4 Qc7 17. Bh4 Nfd7 18. Rd1 f6 19. a4 Qc5 20. Qd2 Ke7 21. axb5 axb5
22. Rxa8 Bxa8 23. Na3 Bc6 24. Bg3 h5 25. Bh4 Ng6 26. Bg3 Nde5 27. Bb1 h4 28.
Bf4 Nxf4 29. Qxf4 h3 30. Nc2 Nd3 31. Rxd3 cxd3 32. Nd4 Bd7 33. Bxd3 b4 34. Nf5+
Bxf5 35. exf5 Rg8 36. cxb4 Qe5 37. Qc4 d5 38. Qc5+ Kf7 39. b5 Ra8 40. b6 Ra1+
41. Bf1 Qe2 42. Qxd5+ Kg7 43. Qb7+ Kh6 0-1

[Event "ENCI Limburg-open B"]
[Site "Maastricht"]
[Date "2011.06.12"]
[Round "4"]
[White "Arns, Danny"]
[Black "Ibrahim, Ashraf"]
[Result "0-1"]
[WhiteElo "1706"]
[BlackElo "1802"]
[PlyCount "98"]
[EventDate "2011.06.10"]
[EventType "swiss"]
[EventRounds "7"]
[EventCountry "NED"]
[Source "P.Boonen"]
[SourceDate "2012.01.01"]

1. e4 d5 2. exd5 Qxd5 3. Nc3 Qa5 4. Bc4 Nf6 5. d3 c6 6. Qe2 e6 7. Nf3 Bd6 8.
Bd2 Qc7 9. h3 Nbd7 10. O-O-O b5 11. Bb3 Nb6 12. g4 a5 13. g5 Nfd7 14. Bxe6 fxe6
15. Qxe6+ Be7 16. g6 Rf8 17. gxh7 Nf6 18. Ng5 Bxe6 19. Nxe6 Qd6 20. Nxf8 Nxh7
21. Ne4 Qd5 22. Nxh7 Qxa2 23. Bc3 Bb4 24. Rde1 O-O-O 25. Bxb4 axb4 26. b3 Qa1+
27. Kd2 Qe5 28. Nhg5 c5 29. Rhf1 c4 30. f4 Qd5 31. Rc1 cxd3 32. cxd3+ Nc4+ 33.
Rxc4+ bxc4 34. Rf3 cxd3 35. Nf2 Qxb3 36. Rxd3 Qb2+ 37. Ke3 Re8+ 38. Nge4 b3 39.
Kf3 Kc7 40. Rc3+ Kb8 41. Nd3 Qb1 42. Nef2 Rc8 43. Rxc8+ Kxc8 44. Kg4 Qg1+ 45.
Kf3 Kd8 46. Ke3 Ke8 47. Kf3 Qa1 48. Kg4 Qd4 49. Kf3 Kf8 0-1

[Event "ENCI Limburg-open B"]
[Site "Maastricht"]
[Date "2011.06.12"]
[Round "4"]
[White "Blijlevens, Pim"]
[Black "Staudte, Rainer"]
[Result "1-0"]
[WhiteElo "1920"]
[BlackElo "1955"]
[PlyCount "79"]
[EventDate "2011.06.10"]
[EventType "swiss"]
[EventRounds "7"]
[EventCountry "NED"]
[Source "P.Boonen"]
[SourceDate "2012.01.01"]

1. d4 Nf6 2. Bg5 Ne4 3. Bh4 g5 4. f3 gxh4 5. fxe4 c5 6. e3 Qb6 7. Nc3 e6 8. Nf3
cxd4 9. exd4 Be7 10. Bc4 a6 11. Rb1 Qc7 12. Bd3 b5 13. e5 b4 14. Ne4 Bb7 15.
O-O Nc6 16. Nfg5 Nd8 17. Qh5 Bxe4 18. Nxf7 Nxf7 19. Qxf7+ Kd8 20. Bxe4 Ra7 21.
Qg7 Re8 22. c3 Qc4 23. Qxh7 Kc7 24. Rf7 Qe2 25. Bf3 Qe3+ 26. Kh1 Qg5 27. cxb4
Kd8 28. Rg7 Qe3 29. Bh5 Rc7 30. Rf1 Rc1 31. Rgf7 Rf8 32. Rxf8+ Bxf8 33. Qf7
Bxb4 34. h3 Rxf1+ 35. Qxf1 Qxd4 36. Qe2 Bc5 37. Qe1 Qf4 38. Qa5+ Kc8 39. Qxc5+
Kb7 40. Bf3+ 1-0

[Event "ENCI Limburg-open B"]
[Site "Maastricht"]
[Date "2011.06.12"]
[Round "4"]
[White "Brixius, Dirk"]
[Black "Cromsigt, Jeroen"]
[Result "0-1"]
[WhiteElo "1944"]
[BlackElo "1902"]
[PlyCount "78"]
[EventDate "2011.06.10"]
[EventType "swiss"]
[EventRounds "7"]
[EventCountry "NED"]
[Source "P.Boonen"]
[SourceDate "2012.01.01"]

1. c4 Nf6 2. Nc3 d5 3. cxd5 Nxd5 4. g3 c5 5. Bg2 Nc7 6. d3 e5 7. Nf3 Nc6 8. O-O
Be7 9. b3 O-O 10. h3 b5 11. Bb2 Rb8 12. Qc1 f6 13. Rd1 Nd4 14. Rd2 Nxf3+ 15.
Bxf3 Bxh3 16. Ne4 Ne6 17. e3 Bf5 18. Qd1 Qb6 19. Nc3 Nc7 20. Kg2 Rfd8 21. e4
Be6 22. Qe2 c4 23. Nd5 Nxd5 24. exd5 Bxd5 25. Bxd5+ Rxd5 26. Rh1 Rxd3 27. Rxd3
cxd3 28. Qxd3 Qb7+ 29. f3 g6 30. b4 Rd8 31. Qe3 Qd5 32. Bc1 Qxa2+ 33. Kh3 Bxb4
34. Rh2 Qe6+ 35. Kg2 Rc8 36. Rxh7 Rc2+ 37. Kf1 Rxc1+ 38. Qxc1 Kxh7 39. Qc7+ Qe7
0-1

[Event "ENCI Limburg-open B"]
[Site "Maastricht"]
[Date "2011.06.12"]
[Round "4"]
[White "Bruls, Peter"]
[Black "Gallardo Banez, Alfonso"]
[Result "1/2-1/2"]
[WhiteElo "1845"]
[BlackElo "1915"]
[PlyCount "58"]
[EventDate "2011.06.10"]
[EventType "swiss"]
[EventRounds "7"]
[EventCountry "NED"]
[Source "P.Boonen"]
[SourceDate "2012.01.01"]

1. c4 c5 2. g3 g6 3. Bg2 Bg7 4. Nf3 Nc6 5. Nc3 e6 6. O-O Nge7 7. d3 O-O 8. Bd2
b6 9. Qc1 Re8 10. Bh6 Bh8 11. Bg5 Bb7 12. Ne4 f6 13. Nxf6+ Bxf6 14. Bxf6 Rf8
15. Bg5 Rf7 16. Ne5 Nxe5 17. Bxb7 Rb8 18. Bg2 Rc8 19. b3 N5c6 20. Qd1 Qf8 21.
Bf4 Qg7 22. Qd2 Nf5 23. g4 Nfe7 24. Bg3 Rcf8 25. f4 Qh6 26. e3 Qg7 27. Rae1 Kh8
28. h3 Kg8 29. Rd1 Rd8 1/2-1/2

[Event "ENCI Limburg-open B"]
[Site "Maastricht"]
[Date "2011.06.12"]
[Round "4"]
[White "Cebula, Jerzy"]
[Black "Leentjens, Gilbert"]
[Result "1-0"]
[WhiteElo "1991"]
[BlackElo "1848"]
[PlyCount "75"]
[EventDate "2011.06.10"]
[EventType "swiss"]
[EventRounds "7"]
[EventCountry "NED"]
[Source "P.Boonen"]
[SourceDate "2012.01.01"]

1. e4 e5 2. Nf3 Nc6 3. Bb5 a6 4. Ba4 Nf6 5. d4 exd4 6. O-O Be7 7. Re1 O-O 8. e5
Ne8 9. Nxd4 Nxd4 10. Qxd4 d5 11. c3 g6 12. Bh6 c5 13. Qd2 Ng7 14. Rd1 Bg4 15.
f3 Be6 16. Kh1 Qc7 17. Qe1 Rfd8 18. Bc2 Rac8 19. Nd2 b5 20. a4 c4 21. axb5 axb5
22. Nf1 b4 23. g4 b3 24. Bb1 Qc6 25. Be3 Bc5 26. Ng3 Ra8 27. Rxa8 Rxa8 28. Qf2
Bxe3 29. Qxe3 Ra1 30. h3 h5 31. Kh2 hxg4 32. hxg4 Qc7 33. Kg2 Qa7 34. Qh6 Qe7
35. Rh1 f6 36. Qh8+ Kf7 37. Rh7 Qf8 38. Bxg6+ 1-0

[Event "ENCI Limburg-open B"]
[Site "Maastricht"]
[Date "2011.06.12"]
[Round "4"]
[White "Coenen, Bert"]
[Black "Vandecan, Michel"]
[Result "1/2-1/2"]
[WhiteElo "1856"]
[BlackElo "1865"]
[PlyCount "120"]
[EventDate "2011.06.10"]
[EventType "swiss"]
[EventRounds "7"]
[EventCountry "NED"]
[Source "P.Boonen"]
[SourceDate "2012.01.01"]

1. d4 Nf6 2. Bg5 h6 3. Bxf6 exf6 4. e3 d5 5. g3 c6 6. Nd2 Bf5 7. Bg2 Bd6 8. Ne2
Na6 9. a3 Qd7 10. c4 dxc4 11. Nxc4 O-O 12. Nxd6 Qxd6 13. O-O Nc7 14. Nc3 Rad8
15. Qe2 Rfe8 16. Rac1 Be6 17. b4 f5 18. Qb2 Nd5 19. Nxd5 Bxd5 20. Bxd5 Qxd5 21.
Rc5 Qe6 22. Rfc1 Rd5 23. b5 Rxc5 24. Rxc5 Rc8 25. Qc2 Qe4 26. Qxe4 fxe4 27. d5
Kf8 28. dxc6 bxc6 29. bxc6 g6 30. Kf1 f5 31. Rb5 Rxc6 32. Rb8+ Ke7 33. Rb7+ Kd6
34. Rxa7 Rc1+ 35. Kg2 Ke6 36. Ra6+ Kf7 37. h3 h5 38. a4 Rc2 39. Rd6 Ra2 40. Rd4
Ke6 41. g4 hxg4 42. hxg4 Ke5 43. gxf5 gxf5 44. Rb4 Kf6 45. Rb6+ Kg5 46. Ra6 Kg4
47. Ra8 Kg5 48. a5 Kf6 49. a6 Kf7 50. a7 Kg7 51. Kg3 Kh7 52. Kh4 Kg7 53. Kg5
Ra5 54. Kf4 Ra2 55. Ke5 Ra5+ 56. Kd6 Ra2 57. Ke5 Ra5+ 58. Ke6 Ra2 59. Kxf5
Rxf2+ 60. Kxe4 Ra2 {.....} 1/2-1/2

[Event "ENCI Limburg-open B"]
[Site "Maastricht"]
[Date "2011.06.12"]
[Round "4"]
[White "Cornelius, Jorg"]
[Black "Hogerhorst, Tony"]
[Result "1-0"]
[WhiteElo "2031"]
[BlackElo "1865"]
[PlyCount "57"]
[EventDate "2011.06.10"]
[EventType "swiss"]
[EventRounds "7"]
[EventCountry "NED"]
[Source "P.Boonen"]
[SourceDate "2012.01.01"]

1. e4 c5 2. d4 cxd4 3. c3 d3 4. c4 Nf6 5. Nc3 Nc6 6. Bxd3 g6 7. Nf3 d6 8. h3
Bg7 9. O-O O-O 10. Be3 Re8 11. Qd2 Qa5 12. Rfd1 Bd7 13. Rac1 Rac8 14. a3 Be6
15. b4 Qxa3 16. b5 Ne5 17. Nxe5 dxe5 18. c5 Rxc5 19. Bxc5 Qxc5 20. Nd5 Qd6 21.
Nc7 Rd8 22. Nxe6 fxe6 23. Qe3 Qd4 24. Bc4 Qxd1+ 25. Rxd1 Rxd1+ 26. Kh2 Rd6 27.
Qxa7 b6 28. Qxe7 Rd4 29. Qxe6+ 1-0

[Event "ENCI Limburg-open B"]
[Site "Maastricht"]
[Date "2011.06.12"]
[Round "4"]
[White "De Niet, Shotaro"]
[Black "Pijlman, Rene"]
[Result "1-0"]
[WhiteElo "1792"]
[BlackElo "1929"]
[PlyCount "65"]
[EventDate "2011.06.10"]
[EventType "swiss"]
[EventRounds "7"]
[EventCountry "NED"]
[Source "P.Boonen"]
[SourceDate "2012.01.01"]

1. Nc3 c5 2. e4 Nc6 3. Bb5 Nd4 4. Be2 g6 5. d3 Bg7 6. f4 d6 7. Nf3 Nc6 8. O-O
Bg4 9. Be3 e6 10. Qd2 Nge7 11. Rae1 Qa5 12. h3 Bxf3 13. Bxf3 Rd8 14. f5 gxf5
15. exf5 Nxf5 16. Bxc6+ bxc6 17. Rxf5 exf5 18. Bd4+ Be5 19. Bxe5 dxe5 20. Rxe5+
Kd7 21. Qf4 Rde8 22. Qxf5+ Kd8 23. Qf6+ Kd7 24. Qxf7+ Kd8 25. Qf6+ Kd7 26. Qf5+
Kd8 27. Ne4 Qc7 28. Qf6+ Kd7 29. Nxc5+ Kc8 30. Qf5+ Kd8 31. Ne6+ Rxe6 32. Rxe6
Qd7 33. Qf6+ 1-0

[Event "ENCI Limburg-open B"]
[Site "Maastricht"]
[Date "2011.06.12"]
[Round "4"]
[White "De Ridder, Naomi"]
[Black "Van der Scheur, Dirk"]
[Result "0-1"]
[WhiteElo "1741"]
[BlackElo "1895"]
[PlyCount "70"]
[EventDate "2011.06.10"]
[EventType "swiss"]
[EventRounds "7"]
[EventCountry "NED"]
[Source "P.Boonen"]
[SourceDate "2012.01.01"]

1. e4 c5 2. Nf3 d6 3. d4 cxd4 4. Nxd4 Nf6 5. Nc3 a6 6. Bg5 Nbd7 7. f3 e6 8. Bc4
Qc7 9. Bb3 Nc5 10. O-O Be7 11. Be3 O-O 12. Kh1 b5 13. a3 Nxb3 14. cxb3 Bb7 15.
Rc1 Qd7 16. Nce2 Rac8 17. Qd3 g6 18. Ng3 e5 19. Nde2 d5 20. Rfd1 Qe6 21. b4 d4
22. Bg5 Ng4 23. fxg4 Bxg5 24. Rxc8 Rxc8 25. h3 Qc4 26. Qf3 Qc2 27. Rf1 Rf8 28.
Ng1 Qxb2 29. Rd1 Qc2 30. Re1 Bc8 31. Nf1 Be6 32. g3 Rc8 33. Qg2 Qxg2+ 34. Kxg2
Rc2+ 35. Kh1 Ra2 0-1

[Event "ENCI Limburg-open B"]
[Site "Maastricht"]
[Date "2011.06.12"]
[Round "4"]
[White "Erin, Igor"]
[Black "Daamen, Roland"]
[Result "1/2-1/2"]
[WhiteElo "1715"]
[BlackElo "1858"]
[PlyCount "46"]
[EventDate "2011.06.10"]
[EventType "swiss"]
[EventRounds "7"]
[EventCountry "NED"]
[Source "P.Boonen"]
[SourceDate "2012.01.01"]

1. d4 Nf6 2. c4 g6 3. Nf3 Bg7 4. Nc3 d5 5. cxd5 Nxd5 6. e4 Nxc3 7. bxc3 O-O 8.
Be3 c5 9. Be2 Nc6 10. O-O Bg4 11. d5 Na5 12. Rc1 c4 13. Nd4 Bxe2 14. Qxe2 Qd7
15. f4 e6 16. dxe6 fxe6 17. e5 a6 18. Qg4 Rfe8 19. h4 Rad8 20. h5 gxh5 21. Qxh5
Nc6 22. Rf3 Nxd4 23. Bxd4 Qf7 1/2-1/2

[Event "ENCI Limburg-open B"]
[Site "Maastricht"]
[Date "2011.06.12"]
[Round "4"]
[White "Esser, Thomas"]
[Black "Lentjes, Noud"]
[Result "1-0"]
[WhiteElo "1782"]
[BlackElo "1869"]
[PlyCount "57"]
[EventDate "2011.06.10"]
[EventType "swiss"]
[EventRounds "7"]
[EventCountry "NED"]
[Source "P.Boonen"]
[SourceDate "2012.01.01"]

1. e4 e6 2. d4 d5 3. Nc3 Bb4 4. Bd2 c5 5. a3 Bxc3 6. Bxc3 c4 7. e5 Ne7 8. Qg4
Nf5 9. Ne2 h5 10. Qf4 Nc6 11. Ng3 g5 12. Qd2 Ng7 13. Be2 Bd7 14. f4 g4 15.
O-O-O Qe7 16. h3 Nf5 17. Nxh5 Rxh5 18. hxg4 Rxh1 19. Rxh1 Nh4 20. f5 exf5 21.
gxf5 Bxf5 22. Qf4 O-O-O 23. Rxh4 Be6 24. g3 a5 25. Rh7 b5 26. Bg4 Rd7 27. Bxe6
Qxe6 28. Rh6 f6 29. Rxf6 1-0

[Event "ENCI Limburg-open B"]
[Site "Maastricht"]
[Date "2011.06.12"]
[Round "4"]
[White "Frijns, Raoul"]
[Black "Willen, Ronny"]
[Result "1/2-1/2"]
[WhiteElo "1809"]
[BlackElo "1851"]
[PlyCount "54"]
[EventDate "2011.06.10"]
[EventType "swiss"]
[EventRounds "7"]
[EventCountry "NED"]
[Source "P.Boonen"]
[SourceDate "2012.01.01"]

1. d4 Nf6 2. Bg5 e6 3. e4 h6 4. Bxf6 Qxf6 5. e5 Qd8 6. Nf3 d5 7. Bd3 c5 8. c3
Nc6 9. O-O Qb6 10. b3 Bd7 11. Bc2 cxd4 12. cxd4 Rc8 13. a3 Be7 14. Qd2 Na5 15.
Qd1 Nc6 16. Re1 a6 17. Re3 Na7 18. Rc3 Nb5 19. Rxc8+ Bxc8 20. Qd3 Bd7 21. b4
Na7 22. Nc3 Bb5 23. Nxb5 Qxb5 24. Qxb5+ axb5 25. Bd3 Kd7 26. Rc1 Rc8 27. Rxc8
Kxc8 1/2-1/2